00556 2200181 4500001002100000005001500021035002500036090002100061245009600082260002600178300001800204008004100222082001400263084002200277650003900299990001800338990001800356YOGYA00000000003823620180712115448 a0010-081400000037954 aL 349.59811 Ac L aLembaran Daerah Swatantra Tingkat ke 1 Atjeh /cAceh Daerah Kt [Peraturan-peraturan daerah] aAtjeh :b[s.n],c1959 bilus ;c21 cm180712 g 0 ind  a349.59811 aL 349.59811 ACE L aUndang-undang, Peraturan-peraturan a40062-PD/A.08 a40062-PD/A.08